| 000 | 00439cam a22001217a 4500 | ||
|---|---|---|---|
| 008 | 180718b1965 xxu||||| |||| 00| 0 eng d | ||
| 082 | _aG90028x54 In2 | ||
| 100 | _aIndia. Indian Historical Records Commission | ||
| 245 |
_aConstitution of the Indian Historical Records Commission, 1965 _cby National Archives of India |
||
| 260 |
_aNew Delhi _bNational Archives of India _c1965 |
||
| 300 | _a4+p | ||
| 700 | _aIndia. National Archives of India | ||
| 999 |
_c491368 _d491368 |
||